000 00972cad a22002535a 4500
001 E152059
008 110131s2010 xxk f 100 0 eng d
020 _a9781842196199
035 _a(Sirsi) u152059
041 0 _aeng
100 1 _aBellazzi, A.
111 2 _aConstruction and Building Research Conference
_cDauphine Universite, Paris
_d2-3 September 2010
245 0 0 _aRegulation and control of indoor environment daylight quality
_ba case study
_h[electronic resource]
260 _aLondon
_bRICS
_c2010
520 _aA paper presented at the COBRA Conference in Paris on 2-3 September 2010.
590 _aKA
650 2 4 _aCONSTRUCTION AND BUILDING RESEARCH CONFERENCE (COBRA)
651 4 _aItalia = Italy
_y1992-
690 _aENVIRONMENTAL AND LAND CONSULTANCY-ENERGY
700 _aGalli, S.
700 1 _aMeroni, I.
856 4 0 _uhttps://www.rics.org/site/scripts/download_info.aspx?fileID=7956&categoryID=720
_zBroken link - not available
942 _n0
999 _c111825
_d111825